000 00836na a2200241 4500
001 19306
003 MIRAKIL
005 20181213155144.0
008 161213b tu 000 0
035 _a19306
040 _aMilas
_btur
_cTR-AnCHP
041 _atur
082 _a352.56511
_bA54 2009
090 _a352.56511 A54 2009
245 _aAnkara Su ve Kanalizasyon İdaresi Genel Müdürlüğü
_b2008 Faaliyet raporu
_cBayram, Açıkgöz...[ve öte.]
246 _a2008 Faaliyet raporu
260 _aAnkara
_bAnkara Su ve Kanalizasyon İdaresi Genel Müdürlüğü
_c2009
300 _a141 s.
_bres.
_c30 sm.
490 _aAnkara Su ve Kanalizasyon İdaresi Genel Müdürlüğü stratejik planlama
_v7
650 _aYerel yönetimler
_xBelediyeler
_yRaporlar, 2008
_zAnkara
700 _aAçıkgöz, Bayram
942 _2ddc
_cBKS
999 _c7586
_d7586